000
00267nam a2200097Ia 4500
008
201216s9999 xx 000 0 und d
100
_a
Homburger, W.
245
0
_a
Transportaion and traffic engineering handbook
260
_a
Englewood Cliffs
_b
Prentice Hall
300
_a
883
999
_c
6046
_d
6046